| 000 | 00771nam a22002297a 4500 | ||
|---|---|---|---|
| 003 | UA-OsUOA | ||
| 001 | 108883 | ||
| 007 | ta | ||
| 008 | 20141119b un ||||| |||| 00| 0 ukr d | ||
| 090 |
_a930.1:913(477)(082) _bІ-99 |
||
| 942 | _cBK | ||
| 040 |
_aUA-OsUOA _bukr _cUA-OsUOA _dUA-OsUOA |
||
| 245 |
_aІсторико-географічні дослідження в Україні _bзбірка наукових праць _cГ. В. Боряк, С. Б. Хведченя |
||
| 300 | _a251 с. | ||
| 955 | _a1 | ||
| 041 | _aukr | ||
| 080 | _a930.1:913(477)(082) | ||
| 260 |
_aК. _bІІУ НАНУ _c2012 |
||
| 250 | _nЧисло 12 | ||
| 650 | 7 |
_a930 Історична наука. Допоміжні історичні дисципліни _2UDC |
|
| 999 |
_c394800 _d394800 |
||